000
00225 a2200109 4500
020
_a
9788469848555
041
_a
spa
100
_a
Ana Galan
245
_a
Las tres Puertas la Maldicion del Chaman
942
_c
BK
952
_7
1
999
_c
24136
_d
24136